书目信息 |
| 题名: |
高等数学习题课指导
|
|
| 作者: | 李朝霞 , 刘为增 , 阎章杭 主编 | |
| 分册: | ||
| 出版信息: | 北京 化学工业出版社 2005.05 |
|
| 页数: | 169页 | |
| 开本: | 26cm | |
| 丛书名: | ||
| 单 册: | ||
| 中图分类: | O13-44 | |
| 科图分类: | ||
| 主题词: | 高等数学--gao deng shu xue--高等学校--解题 | |
| 电子资源: | ||
| ISBN: | 7-5025-6807-7 | |
| 000 | 00970nam0 2200265 450 | |
| 001 | 012006295967 | |
| 005 | 20060628102137.01 | |
| 010 | @a7-5025-6807-7@dCNY17.00 | |
| 100 | @a20060610d2005 km y0chiy0120 ea | |
| 101 | 0 | @achi |
| 102 | @aCN@b110000 | |
| 105 | @ay aq 000yy | |
| 200 | 1 | @a高等数学习题课指导@Agao deng shu xue xi ti ke zhi dao@f阎章杭, 李朝霞, 刘为增主编@Fyan zhang hang,li zhao xia,liu wei zeng zhu bian |
| 210 | @a北京@c化学工业出版社@d2005.05 | |
| 215 | @a169页@d26cm | |
| 300 | @a教育部高职高专规划教材 | |
| 320 | @a有书目 (第169页)。 | |
| 330 | @a本书为《高等数学》的配套辅助教材。主要的内容有:一元函数微积分、多元函数微积分、常微分方程基础、无穷级数基础的解题指导。 | |
| 606 | 0 | @a高等数学@Agao deng shu xue@x高等学校@j解题 |
| 690 | @aO13-44@v4 | |
| 701 | 0 | @a李朝霞@Ali zhao xia@4主编 |
| 701 | 0 | @a刘为增@Aliu wei zeng@4主编 |
| 701 | 0 | @a阎章杭@Ayan zhang hang@4主编 |
| 801 | 0 | @aCN@bQSSK@c20060628 |
| 905 | @a10447@dO13-44@eY100 | |
| 高等数学习题课指导/阎章杭, 李朝霞, 刘为增主编.-北京:化学工业出版社,2005.05 |
| 169页;26cm |
| 教育部高职高专规划教材 |
| ISBN 7-5025-6807-7:CNY17.00 |
| 本书为《高等数学》的配套辅助教材。主要的内容有:一元函数微积分、多元函数微积分、常微分方程基础、无穷级数基础的解题指导。 |
| ● |
| 相关链接 |
|
|
|
正题名:高等数学习题课指导
索取号:O13-44/Y100
 
预约/预借
| 序号 | 登录号 | 条形码 | 馆藏地/架位号 | 状态 | 备注 |
| 1 | 582787 | 205827872 | 自科库401/401自科库 70排2列2层/ [索取号:O13-44/Y100] | 在馆 | |
| 2 | 582788 | 205827881 | 自科库401/401自科库 70排2列2层/ [索取号:O13-44/Y100] | 在馆 | |
| 3 | 582789 | 205827890 | 自科库401/401自科库 70排2列2层/ [索取号:O13-44/Y100] | 在馆 | |
| 4 | 582790 | 205827907 | 期刊室512/401自科库 70排2列2层/ [索取号:O13-44/Y100] | 在馆 | |
| 5 | 582791 | 205827916 | 期刊室512/401自科库 70排2列2层/ [索取号:O13-44/Y100] | 在馆 |